German cities by Picture - Statistics

General Stats
  • This quiz has been taken 54 times
  • The average score is 7 of 12
Answer Stats
Picture Answer % Correct
Berlin
100%
Frankfurt
88%
Hamburg
88%
Cologne
86%
Munich
81%
Düsseldorf
67%
Bremen
52%
Esssen
52%
Wuppertal
48%
Heidelberg
45%
Darmstadt
21%
Mannheim
14%
No matching quizzes found
Score Distribution
Percent of People with Each Score
Percentile by Number Answered
Your Score History
You have not taken this quiz